Světový ekonomický rozvoj 1991-1995

World Economic Outlook (vydáva Medzinárodný menový fond) - poskytuje komentované základné štatistické informácie o hospodárskom vývoji sveta. Rast alebo pokles hrubého domáceho produktu a zahraničnoobchodnej výmeny, miera inflácie. Vývoj HDP sveta v r. 1991 - 1995 (vyspelé krajiny, rozvojové krajiny...

Ausführliche Beschreibung

Gespeichert in:
Bibliographische Detailangaben
1. Verfasser: Stehlík, J.
Format: Buchkapitel
Sprache:Tschechisch
Schlagworte:
Tags: Tag hinzufügen
Keine Tags, Fügen Sie das erste Tag hinzu!

MARC

LEADER 00000naa a2200000 4500
001 r016264
005 20221205090527.0
041 0 |a cze 
044 |a CZ 
245 1 0 |a Světový ekonomický rozvoj 1991-1995  |c J. Stehlík 
520 |a World Economic Outlook (vydáva Medzinárodný menový fond) - poskytuje komentované základné štatistické informácie o hospodárskom vývoji sveta. Rast alebo pokles hrubého domáceho produktu a zahraničnoobchodnej výmeny, miera inflácie. Vývoj HDP sveta v r. 1991 - 1995 (vyspelé krajiny, rozvojové krajiny a krajiny s transformujúcou sa ekonomikou). Očakávané zvýšenie objemu medzinárodného obchodu. 
610 2 0 |a vývoj hospodársky 
610 2 0 |a svet 
610 2 0 |a produkt domáci hrubý 
610 2 0 |a obchod medzinárodný 
610 2 0 |a inflácia 
610 2 0 |a údaje štatistické 
610 2 0 |a 1991-1995 
100 1 |a Stehlík, J.